[Event "29. Torneo San Viator 2017 - Torneo B"]
[Site "Madrid ESP"]
[Date "2017.10.08"]
[Round "4.20"]
[White "Salgado Duarte, Pablo"]
[Black "Periotto Miori, Caterina"]
[Result "1/2-1/2"]
[WhiteElo "1549"]
[BlackElo "1250"]
[PlyCount "103"]
[EventDate "2017.09.17"]
[EventType "swiss"]
[EventRounds "9"]
[EventCountry "ESP"]
[SourceTitle "Ajedrez en Madrid"]
[Source "lmi"]
[SourceDate "2017.09.17"]

1. d4 d5 2. c4 e6 3. Nc3 Nf6 4. Nf3 Be7 5. Bf4 a6 6. h3 O-O 7. e3 Nbd7 8. cxd5
Nxd5 9. Nxd5 exd5 10. a3 Nf6 11. Bd3 Be6 12. Qc2 Bd6 13. Be5 h6 14. O-O Rc8 15.
Bxd6 Qxd6 16. Rfe1 c5 17. Qe2 c4 18. Bc2 b5 19. Red1 Rfe8 20. Nd2 Qd8 21. Nf3
Qc7 22. Rac1 Rb8 23. b3 Qd6 24. b4 Ra8 25. Nd2 Qd8 26. Qf3 Ra7 27. e4 dxe4 28.
Nxe4 Nxe4 29. Bxe4 Qd6 30. Qe3 Rae7 31. Qf3 Rd8 32. Bc2 Qd5 33. Be4 Qd6 34. Rc3
Bd5 35. Re3 Bxe4 36. Rxe4 Rde8 37. Rde1 Rxe4 38. Rxe4 Rxe4 39. Qxe4 Qe6 40. Qc2
Qd5 41. Qc3 Qe6 42. Kf1 Kf8 43. Qf3 Qf6 44. Qa8+ Ke7 45. Qa7+ Ke8 46. Qc5 Qe6
47. Qc7 Qd7 48. Qe5+ Kf8 49. Qc5+ Ke8 50. Qe5+ Kf8 51. Qe4 Qe6 52. Qa8+ 1/2-1/2

[Event "29. Torneo San Viator 2017 - Torneo B"]
[Site "Madrid ESP"]
[Date "2017.10.08"]
[Round "4.21"]
[White "Campos Calderon, David"]
[Black "Perez Sempere, Alberto"]
[Result "0-1"]
[WhiteElo "1242"]
[BlackElo "1731"]
[PlyCount "120"]
[EventDate "2017.09.17"]
[EventType "swiss"]
[EventRounds "9"]
[EventCountry "ESP"]
[SourceTitle "Ajedrez en Madrid"]
[Source "lmi"]
[SourceDate "2017.09.17"]

1. d4 d5 2. c4 c6 3. Nc3 e6 4. Nf3 dxc4 5. a4 Bb4 6. Bd2 Nf6 7. e3 b5 8. Be2
Nbd7 9. O-O a5 10. Qc2 Bb7 11. Ra2 O-O 12. Rfa1 Qb6 13. b3 Bxc3 14. Qxc3 Ne4
15. Qc2 cxb3 16. Qxb3 Nxd2 17. Nxd2 b4 18. Nc4 Qc7 19. Bf3 Rfc8 20. Rd1 Nb6 21.
Rc2 Nd5 22. Rdc1 Nc3 23. Nd2 c5 24. dxc5 Bxf3 25. Nxf3 Qxc5 26. Rd1 Qc4 27.
Qxc4 Rxc4 28. Nd4 Rac8 29. Kf1 Ne4 30. Rxc4 Nd2+ 31. Ke2 Nxc4 32. Rc1 Nb6 33.
Rxc8+ Nxc8 34. Kd2 Kf8 35. Kc2 Na7 36. Kd3 Ke7 37. Kc4 Kd6 38. Nb5+ Nxb5 39.
axb5 e5 40. h3 f5 41. f3 g5 42. e4 fxe4 43. fxe4 h5 44. g3 Kc7 45. Kb3 Kb6 46.
Kc4 b3 47. Kxb3 Kxb5 48. Ka3 Kc4 49. Ka4 Kd4 50. Kxa5 Kxe4 51. Kb4 Kf3 52. Kc3
Kxg3 53. Kd3 Kf3 54. Kd2 g4 55. hxg4 hxg4 56. Ke1 e4 57. Kf1 e3 58. Ke1 e2 59.
Kd2 Kf2 60. Kd3 e1=Q 0-1

[Event "29. Torneo San Viator 2017 - Torneo B"]
[Site "Madrid ESP"]
[Date "2017.10.08"]
[Round "4.22"]
[White "Cuerda Montagud, Tomas"]
[Black "Marcelo De La Mata, Daniel"]
[Result "0-1"]
[WhiteElo "1444"]
[BlackElo "1641"]
[PlyCount "86"]
[EventDate "2017.09.17"]
[EventType "swiss"]
[EventRounds "9"]
[EventCountry "ESP"]
[SourceTitle "Ajedrez en Madrid"]
[Source "lmi"]
[SourceDate "2017.09.17"]

1. e4 c5 2. Nf3 g6 3. c3 Bg7 4. d4 cxd4 5. cxd4 d6 6. Be2 Nf6 7. Nc3 O-O 8. O-O
Nc6 9. h3 e6 10. Be3 a6 11. a3 Qc7 12. Qd2 Bd7 13. Rac1 Qb8 14. Bf4 Ne8 15. Bh6
f6 16. Bxg7 Kxg7 17. b4 b5 18. e5 d5 19. Qe3 Qd8 20. Bd3 Ne7 21. Ne2 Nc8 22.
Kh2 f5 23. g3 Nb6 24. g4 Nc4 25. Qg5 Qxg5 26. Nxg5 h6 27. Nf3 fxg4 28. hxg4
Rxf3 29. Bxc4 bxc4 30. Ng1 Rxa3 31. Nh3 Nc7 32. f4 Rf8 33. Ng1 Rd3 34. Ne2 Nb5
35. Kg2 Nxd4 36. Nxd4 Rxd4 37. Rc3 Rd2+ 38. Kg1 Rd3 39. Rc2 Rg3+ 40. Rg2 Rb3
41. Rgf2 Rg3+ 42. Rg2 Rxg2+ 43. Kxg2 g5 0-1

[Event "29. Torneo San Viator 2017 - Torneo B"]
[Site "Madrid ESP"]
[Date "2017.10.08"]
[Round "4.23"]
[White "Del Noval Nemeshazi, Mario"]
[Black "Benitez Cadenas, Luis Miguel"]
[Result "1/2-1/2"]
[WhiteElo "1416"]
[BlackElo "1584"]
[PlyCount "141"]
[EventDate "2017.09.17"]
[EventType "swiss"]
[EventRounds "9"]
[EventCountry "ESP"]
[SourceTitle "Ajedrez en Madrid"]
[Source "lmi"]
[SourceDate "2017.09.17"]

1. e4 e5 2. Nf3 Nc6 3. d4 exd4 4. Nxd4 Bc5 5. Be3 Qf6 6. c3 Qg6 7. Qf3 Nf6 8.
Nd2 d6 9. h3 Ne5 10. Qf4 Bd7 11. N4f3 Nxf3+ 12. Qxf3 Bxe3 13. Qxe3 O-O 14. g4
Rfe8 15. Bd3 Nd5 16. Qf3 Bc6 17. Qf5 Qxf5 18. gxf5 Nf6 19. f3 d5 20. O-O-O dxe4
21. fxe4 Nxe4 22. Nxe4 Bxe4 23. Bxe4 Rxe4 24. Rd7 Rc8 25. Rhd1 Kf8 26. Rd8+
Rxd8 27. Rxd8+ Re8 28. Rd7 Re7 29. Rd8+ Re8 30. Rd7 Rc8 31. Kc2 Ke8 32. Rd4 Ke7
33. Rb4 b6 34. Ra4 a5 35. Rc4 Kf6 36. b4 axb4 37. cxb4 Kxf5 38. a4 Ke6 39. a5
bxa5 40. bxa5 Kd6 41. Kb3 c5 42. Ra4 g5 43. Kc4 Kc6 44. Ra1 f5 45. Rf1 f4 46.
Rg1 h6 47. Re1 Rf8 48. a6 Kb6 49. a7 Kxa7 50. Kxc5 h5 51. Rg1 f3 52. Kd4 f2 53.
Rf1 Kb6 54. Ke3 Kc6 55. Rxf2 Rxf2 56. Kxf2 Kd5 57. Kg3 Ke4 58. h4 g4 59. Kf2
Kf4 60. Kg2 g3 61. Kh3 g2 62. Kxg2 Kg4 63. Kh2 Kxh4 64. Kg2 Kg4 65. Kh2 h4 66.
Kg2 h3+ 67. Kh2 Kh4 68. Kg1 Kg3 69. Kh1 Kg4 70. Kh2 Kh4 71. Kg1 1/2-1/2

[Event "29. Torneo San Viator 2017 - Torneo B"]
[Site "Madrid ESP"]
[Date "2017.10.08"]
[Round "4.24"]
[White "Rendo Quindos, Pedro"]
[Black "Garcia Prada, Guillermo"]
[Result "1-0"]
[WhiteElo "1550"]
[BlackElo "1375"]
[PlyCount "63"]
[EventDate "2017.09.17"]
[EventType "swiss"]
[EventRounds "9"]
[EventCountry "ESP"]
[SourceTitle "Ajedrez en Madrid"]
[Source "lmi"]
[SourceDate "2017.09.17"]

1. e4 c5 2. b3 e6 3. Bb2 d5 4. Bb5+ Nc6 5. exd5 exd5 6. Nf3 Bd6 7. Bxg7 Nge7 8.
Bxh8 Ng6 9. Bb2 Nf4 10. O-O Bg4 11. Qe1+ Kd7 12. Ne5+ Kc7 13. Bxc6 bxc6 14.
Nxg4 Qg5 15. Be5 Qxg4 16. Bxf4 Bxf4 17. Qe7+ Kb6 18. f3 Qf5 19. g3 Rg8 20. Nc3
Qh3 21. Na4+ Ka6 22. Qe2+ c4 23. Qg2 Qh5 24. g4 Qh6 25. Rad1 f5 26. h3 Qh4 27.
Nc5+ Kb5 28. Ne6 Bb8 29. bxc4+ dxc4 30. Rb1+ Ka5 31. d3 h5 32. Qd2+ 1-0

[Event "29. Torneo San Viator 2017 - Torneo B"]
[Site "Madrid ESP"]
[Date "2017.10.08"]
[Round "4.25"]
[White "Serrano Ruiz, Lope"]
[Black "Garcia Lozano, Javier"]
[Result "1-0"]
[WhiteElo "1521"]
[BlackElo "1301"]
[PlyCount "66"]
[EventDate "2017.09.17"]
[EventType "swiss"]
[EventRounds "9"]
[EventCountry "ESP"]
[SourceTitle "Ajedrez en Madrid"]
[Source "lmi"]
[SourceDate "2017.09.17"]

1. e4 e5 2. Nf3 Nc6 3. Bb5 a6 4. Ba4 Nf6 5. O-O Be7 6. Re1 b5 7. Bb3 O-O 8. c3
d5 9. exd5 Nxd5 10. Nxe5 Nxe5 11. Rxe5 c6 12. Bxd5 cxd5 13. d4 Bd6 14. Bf4 Bxe5
15. Bxe5 Re8 16. Nd2 Bf5 17. Nb3 Qg5 18. Nc5 Bh3 19. Qf3 Be6 20. Rf1 Qg4 21.
Qxg4 Bxg4 22. f3 f6 23. Bxf6 gxf6 24. fxg4 Re2 25. Nd7 Kf7 26. Nxf6 Ke6 27.
Nxh7 Ke7 28. g5 Rg8 29. h4 Rxb2 30. Nf6 Rc8 31. g6 Rxc3 32. Nxd5+ Kd6 33. Nxc3
Rc2 1-0

[Event "29. Torneo San Viator 2017 - Torneo B"]
[Site "Madrid ESP"]
[Date "2017.10.08"]
[Round "4.26"]
[White "Yeghiazaryan Petrosyan, Roberto"]
[Black "Fernandez Rodriguez, Alberto"]
[Result "0-1"]
[WhiteElo "1285"]
[BlackElo "1520"]
[PlyCount "178"]
[EventDate "2017.09.17"]
[EventType "swiss"]
[EventRounds "9"]
[EventCountry "ESP"]
[SourceTitle "Ajedrez en Madrid"]
[Source "lmi"]
[SourceDate "2017.09.17"]

1. d4 g6 2. Nf3 Bg7 3. g3 Nf6 4. Bg2 O-O 5. O-O d6 6. c3 c6 7. Re1 d5 8. Nbd2
Nbd7 9. e4 dxe4 10. Nxe4 Nxe4 11. Rxe4 Nf6 12. Re1 e6 13. Qb3 Qb6 14. Ne5 Nd7
15. Nxd7 Bxd7 16. Bf4 Rac8 17. Rad1 Rfd8 18. Qxb6 axb6 19. b4 Ra8 20. Rd2 Ra3
21. Rc2 Rda8 22. Ree2 b5 23. h4 h6 24. Kh2 f6 25. Bh3 Kf7 26. Bc1 R3a7 27. f4
f5 28. Bg2 Bf6 29. Rf2 Rg8 30. Rce2 Raa8 31. Kg1 g5 32. hxg5 hxg5 33. Rc2 gxf4
34. Bxf4 Bg5 35. Bxg5 Rxg5 36. Rf3 Rag8 37. Kf2 Ke7 38. Rc1 f4 39. Rxf4 Rxg3
40. Bf3 Kd6 41. Ra1 R3g5 42. Rh1 Ra8 43. Rc1 Rxa2+ 44. Ke3 Rg3 45. Ke4 Be8 46.
Rg4 Rxg4+ 47. Bxg4 Bg6+ 48. Ke3 Rc2 49. Rxc2 Bxc2 50. Bf3 b6 51. Kd2 Bb3 52.
Be4 c5 53. Kd3 Bc4+ 54. Kc2 e5 55. dxe5+ Kxe5 56. Bc6 Kf4 57. Kd2 Ke5 58. Bf3
Bd5 59. Be2 Bc6 60. Ke3 Kd5 61. Kd3 Bd7 62. Bf3+ Ke5 63. Ke3 Be8 64. Be2 Bc6
65. Bd3 Kd5 66. Kd2 cxb4 67. cxb4 Kd4 68. Kc2 Be4 69. Bxe4 Kxe4 70. Kd2 Kd4 71.
Kc2 Kc4 72. Kb2 Kxb4 73. Kc2 Ka3 74. Kb1 b4 75. Ka1 b3 76. Kb1 b2 77. Kc2 Ka2
78. Kd3 b1=Q+ 79. Kc4 Ka3 80. Kc3 Qc1+ 81. Kd3 Kb4 82. Kd4 Qd1+ 83. Ke5 Kc4 84.
Ke4 Qe1+ 85. Kf3 Kd4 86. Kf4 Qf1+ 87. Kg5 Ke4 88. Kg4 Qg1+ 89. Kh3 Kf4 0-1

[Event "29. Torneo San Viator 2017 - Torneo B"]
[Site "Madrid ESP"]
[Date "2017.10.08"]
[Round "4.27"]
[White "Crespo Gomez, Ruben"]
[Black "Rojo Jorge, Angel"]
[Result "0-1"]
[WhiteElo "1204"]
[BlackElo "1476"]
[PlyCount "90"]
[EventDate "2017.09.17"]
[EventType "swiss"]
[EventRounds "9"]
[EventCountry "ESP"]
[SourceTitle "Ajedrez en Madrid"]
[Source "lmi"]
[SourceDate "2017.09.17"]

1. c4 c5 2. g3 g6 3. Bg2 Nf6 4. Nf3 Nc6 5. Nc3 Bg7 6. O-O O-O 7. d4 cxd4 8.
Nxd4 Qb6 9. e3 d6 10. a3 Bd7 11. b4 Rfc8 12. Bb2 Nxd4 13. Nd5 Nxd5 14. Bxd4
Bxd4 15. exd4 Nf6 16. Qe2 e6 17. Qf3 Ne8 18. Qxb7 Bc6 19. Qxb6 axb6 20. Bh3 f5
21. Rfe1 Kf7 22. Bf1 Nf6 23. h3 Be4 24. Re3 Bb7 25. f3 Ba6 26. b5 Bb7 27. Kf2
d5 28. Rc1 dxc4 29. Rec3 Bd5 30. Be2 Ra5 31. Bxc4 Rxc4 32. Rxc4 Bxc4 33. Rxc4
Rxb5 34. Rc7+ Ke8 35. g4 Rb2+ 36. Kg3 Rb3 37. a4 Rb4 38. Rc6 Kd7 39. Rc1 Rxa4
40. Rb1 Nd5 41. Kh4 Rxd4 42. Kg5 Rd3 43. f4 Rxh3 44. gxf5 exf5 45. Rh1 h6+ 0-1

[Event "29. Torneo San Viator 2017 - Torneo B"]
[Site "Madrid ESP"]
[Date "2017.10.08"]
[Round "4.28"]
[White "Gallego Romero, Manuel"]
[Black "Climent Castillo, Daniel"]
[Result "1/2-1/2"]
[WhiteElo "1475"]
[BlackElo "1237"]
[PlyCount "118"]
[EventDate "2017.09.17"]
[EventType "swiss"]
[EventRounds "9"]
[EventCountry "ESP"]
[SourceTitle "Ajedrez en Madrid"]
[Source "lmi"]
[SourceDate "2017.09.17"]

1. e4 c5 2. Bc4 e6 3. Nc3 a6 4. a3 b5 5. Ba2 Bb7 6. d3 d6 7. Nf3 Nd7 8. O-O
Ngf6 9. Bg5 Be7 10. Re1 Qc7 11. Bf4 e5 12. Bg3 O-O 13. Nh4 g6 14. Nf3 Nb8 15.
Bh4 Nc6 16. Bg5 Nd4 17. Bh6 Nxf3+ 18. Qxf3 Rfe8 19. Nd1 Qd8 20. Ne3 Bf8 21. Bg5
Kg7 22. Ng4 Be7 23. Bh6+ Kg8 24. h4 Bc8 25. Nxf6+ Bxf6 26. g4 Be6 27. Bxe6 Rxe6
28. g5 Bg7 29. Bxg7 Kxg7 30. Qg4 Qd7 31. Re3 Re7 32. Qxd7 Rxd7 33. Rh3 Re8 34.
Kg2 d5 35. Re1 dxe4 36. Rxe4 Rd4 37. Re2 Re6 38. c3 Rf4 39. Re4 Rxe4 40. dxe4
Rd6 41. Rf3 c4 42. Kf1 Rd2 43. Rf6 Rxb2 44. Rxa6 Rb3 45. Ra5 Rxc3 46. Rxb5 Rxa3
47. Rxe5 Rh3 48. Rc5 c3 49. Kg2 Rxh4 50. Kf3 h6 51. gxh6+ Kxh6 52. e5 Rh5 53.
Ke4 f6 54. f4 fxe5 55. fxe5 Kg7 56. Rxc3 Kf7 57. Kd5 Ke7 58. Rc7+ Kd8 59. Kd6
Rxe5 1/2-1/2

[Event "29. Torneo San Viator 2017 - Torneo B"]
[Site "Madrid ESP"]
[Date "2017.10.08"]
[Round "4.29"]
[White "Estebaran Rodriguez, Guillermo"]
[Black "Murillo Paz, Pedro"]
[Result "0-1"]
[WhiteElo "1176"]
[BlackElo "1471"]
[PlyCount "32"]
[EventDate "2017.09.17"]
[EventType "swiss"]
[EventRounds "9"]
[EventCountry "ESP"]
[SourceTitle "Ajedrez en Madrid"]
[Source "lmi"]
[SourceDate "2017.09.17"]

1. e4 e5 2. Nf3 Nc6 3. Bb5 Bc5 4. Bxc6 dxc6 5. Nxe5 Qd4 6. Ng4 Bxg4 7. O-O Bxd1
8. Rxd1 Qxf2+ 9. Kh1 Qe2 10. Nc3 Qh5 11. d4 O-O-O 12. Be3 Bb4 13. Na4 Nf6 14.
Nc5 Bxc5 15. e5 Ng4 16. dxc5 Qxh2# 0-1

[Event "29. Torneo San Viator 2017 - Torneo B"]
[Site "Madrid ESP"]
[Date "2017.10.08"]
[Round "4.31"]
[White "Cujba, Anca-Claudia"]
[Black "Teran Gonzalez, Adrian"]
[Result "1-0"]
[WhiteElo "1664"]
[BlackElo "1211"]
[PlyCount "57"]
[EventDate "2017.09.17"]
[EventType "swiss"]
[EventRounds "9"]
[EventCountry "ESP"]
[SourceTitle "Ajedrez en Madrid"]
[Source "lmi"]
[SourceDate "2017.09.17"]

1. e4 c5 2. d3 Nc6 3. Nc3 Nf6 4. g3 e6 5. Bg2 Rb8 6. a4 b6 7. Nf3 d5 8. Bf4 Ra8
9. exd5 exd5 10. Nb5 Kd7 11. Bh3+ Ke7 12. Bd6+ Qxd6 13. Nxd6 Bxh3 14. Nxf7 Rg8
15. N7g5 Bg4 16. h3 Bf5 17. Qe2+ Kd7 18. O-O-O h6 19. Nh4 Re8 20. Qd2 Bxd3 21.
Qxd3 hxg5 22. Nf3 Ne4 23. Qxd5+ Bd6 24. Rhe1 Nb4 25. Qb7+ Kd8 26. Rxe4 Rxe4 27.
Rxd6+ Ke8 28. Qxe4+ Kf8 29. Rd8+ 1-0

[Event "29. Torneo San Viator 2017 - Torneo B"]
[Site "Madrid ESP"]
[Date "2017.10.08"]
[Round "4.32"]
[White "Cortijo Manso, Luis"]
[Black "Cuadrado Carmona, Javier"]
[Result "1/2-1/2"]
[WhiteElo "1555"]
[BlackElo "1195"]
[PlyCount "154"]
[EventDate "2017.09.17"]
[EventType "swiss"]
[EventRounds "9"]
[EventCountry "ESP"]
[SourceTitle "Ajedrez en Madrid"]
[Source "lmi"]
[SourceDate "2017.09.17"]

1. Nf3 d5 2. d4 Nc6 3. g3 Bf5 4. a3 Nf6 5. Bg2 e6 6. O-O Bd6 7. Nbd2 e5 8. dxe5
Nxe5 9. Nxe5 Bxe5 10. Nf3 Bd6 11. Nd4 Be4 12. Nf3 O-O 13. c3 h6 14. Re1 Re8 15.
e3 c6 16. Bf1 Qd7 17. Nd2 Bf5 18. c4 Bh3 19. cxd5 Bxf1 20. dxc6 Qh3 21. Rxf1
Ng4 22. Nf3 Re6 23. cxb7 Rb8 24. Qe2 Rf6 25. Rd1 Rxb7 26. Qf1 Qxf1+ 27. Kxf1
Rxf3 28. Rxd6 Rxf2+ 29. Kg1 Rxh2 30. Rd4 h5 31. Rxg4 Rhxb2 32. Rb4 R2xb4 33.
axb4 Rxb4 34. Rxa7 Rg4 35. Kf2 Rc4 36. Ba3 Rc6 37. Be7 Rb6 38. Bc5 Rf6+ 39. Kg2
Rg6 40. Ra4 Rc6 41. Bd4 Rg6 42. Kh3 Rh6 43. Kh4 f6 44. e4 g5+ 45. Kh3 Kg7 46.
Ra7+ Kg8 47. Rb7 Rg6 48. Bb2 Rg7 49. Rb8+ Kf7 50. Rb6 Rg6 51. Rb7+ Kf8 52. Ba3+
Kg8 53. Bb2 Kf8 54. e5 fxe5 55. Bxe5 Re6 56. Bb2 Ke8 57. Rh7 h4 58. gxh4 gxh4
59. Kxh4 Re4+ 60. Kg5 Re2 61. Bf6 Rg2+ 62. Kf5 Rf2+ 63. Ke6 Re2+ 64. Be5 Rf2
65. Re7+ Kf8 66. Ra7 Kg8 67. Rg7+ Kf8 68. Rh7 Ke8 69. Rb7 Rd2 70. Bd6 Re2+ 71.
Kf6 Rf2+ 72. Kg6 Rg2+ 73. Kf5 Rf2+ 74. Bf4 Re2 75. Kf6 Rf2 76. Ke6 Re2+ 77. Kd5
Rf2 1/2-1/2

[Event "29. Torneo San Viator 2017 - Torneo B"]
[Site "Madrid ESP"]
[Date "2017.10.08"]
[Round "4.33"]
[White "Garcia Pumarega, Cesar"]
[Black "Barragan Sanchez, Enrique"]
[Result "0-1"]
[WhiteElo "1167"]
[BlackElo "1536"]
[PlyCount "48"]
[EventDate "2017.09.17"]
[EventType "swiss"]
[EventRounds "9"]
[EventCountry "ESP"]
[SourceTitle "Ajedrez en Madrid"]
[Source "lmi"]
[SourceDate "2017.09.17"]

1. e4 c5 2. Nf3 d6 3. d4 cxd4 4. Nxd4 a6 5. Nc3 Nf6 6. Bc4 g6 7. Be3 Bg7 8. h4
h5 9. Qd2 O-O 10. Bh6 Nc6 11. Bxg7 Kxg7 12. Nf3 Bg4 13. Ng5 Ne5 14. Bb3 Qa5 15.
f3 Bd7 16. O-O-O Rac8 17. Rdf1 Nc4 18. Qd3 Bb5 19. Nxb5 axb5 20. f4 Nd7 21. f5
Nc5 22. Qd4+ Ne5 23. Bd5 Qb6 24. Kd2 Nb3+ 0-1

[Event "29. Torneo San Viator 2017 - Torneo B"]
[Site "Madrid ESP"]
[Date "2017.10.08"]
[Round "4.34"]
[White "Torrecillas Adan, Luis"]
[Black "Perez Ramos, Miguel Angel"]
[Result "1-0"]
[WhiteElo "1466"]
[BlackElo "1163"]
[PlyCount "78"]
[EventDate "2017.09.17"]
[EventType "swiss"]
[EventRounds "9"]
[EventCountry "ESP"]
[SourceTitle "Ajedrez en Madrid"]
[Source "lmi"]
[SourceDate "2017.09.17"]

1. e4 Nc6 2. Nf3 h6 3. Nc3 e5 4. Bb5 Nge7 5. O-O a6 6. Bxc6 Nxc6 7. a3 b5 8.
Nd5 Bb7 9. d3 Nb8 10. Nxe5 Bxd5 11. exd5 Qe7 12. Re1 Qc5 13. Ng6+ Kd8 14. Nxh8
Qxd5 15. Qf3 Qxf3 16. gxf3 Nc6 17. Nxf7+ Kc8 18. Re8+ Kb7 19. Rxa8 Kxa8 20. Be3
g5 21. Re1 Bg7 22. c3 Ne7 23. Bxg5 Nf5 24. Nxh6 Bxh6 25. Bxh6 Nxh6 26. Re7 Kb7
27. Rxd7 Nf5 28. Rh7 Nd6 29. h4 Ne8 30. h5 Nf6 31. Rh8 Nd7 32. h6 Ne5 33. h7
Nxf3+ 34. Kf1 Ng5 35. Rb8+ Kxb8 36. h8=Q+ Kb7 37. f4 Nf7 38. Qh1+ Kb8 39. f5
Ng5 1-0

[Event "29. Torneo San Viator 2017 - Torneo B"]
[Site "Madrid ESP"]
[Date "2017.10.08"]
[Round "4.35"]
[White "Lavado Pena, David"]
[Black "Garcia Hernandez, Armando"]
[Result "1/2-1/2"]
[WhiteElo "1153"]
[BlackElo "1411"]
[PlyCount "43"]
[EventDate "2017.09.17"]
[EventType "swiss"]
[EventRounds "9"]
[EventCountry "ESP"]
[SourceTitle "Ajedrez en Madrid"]
[Source "lmi"]
[SourceDate "2017.09.17"]

1. c4 c5 2. Nc3 Nc6 3. g3 b6 4. Bg2 Bb7 5. e3 Rb8 6. Nge2 Ne5 7. Bxb7 Rxb7 8.
Nf4 Nf6 9. b3 g6 10. d4 cxd4 11. exd4 Nc6 12. Be3 Bg7 13. Qf3 Qa8 14. d5 Ne5
15. Qd1 d6 16. h3 O-O 17. O-O Qc8 18. Rb1 Qf5 19. Rb2 Ne4 20. Nxe4 Qxe4 21. Re2
Nf3+ 22. Kg2 1/2-1/2

[Event "29. Torneo San Viator 2017 - Torneo B"]
[Site "Madrid ESP"]
[Date "2017.10.08"]
[Round "4.36"]
[White "Del Alamo Fajardo, Fernando"]
[Black "Moreno Gallardo, Sergio"]
[Result "1-0"]
[WhiteElo "1383"]
[BlackElo "1106"]
[PlyCount "149"]
[EventDate "2017.09.17"]
[EventType "swiss"]
[EventRounds "9"]
[EventCountry "ESP"]
[SourceTitle "Ajedrez en Madrid"]
[Source "lmi"]
[SourceDate "2017.09.17"]

1. e4 e5 2. Nf3 Nc6 3. Bc4 Bc5 4. c3 Nf6 5. d3 d5 6. exd5 Nxd5 7. O-O Bg4 8.
Re1 O-O 9. h3 Bh5 10. g4 Bg6 11. Bg5 f6 12. Be3 Bxe3 13. Rxe3 Kh8 14. Bxd5 Qxd5
15. c4 Qd6 16. Nc3 Nd4 17. Nd5 Ne6 18. d4 c6 19. dxe5 fxe5 20. Nc3 Qxd1+ 21.
Rxd1 Nf4 22. Nxe5 Rad8 23. Nxg6+ Nxg6 24. Red3 Rxd3 25. Rxd3 Nf4 26. Rf3 Ne2+
27. Kg2 Rxf3 28. Kxf3 Nd4+ 29. Ke4 Nc2 30. f4 Kg8 31. Ke5 Ne3 32. c5 Nc4+ 33.
Ke6 Nxb2 34. f5 Nd3 35. Ne4 Nf4+ 36. Kd7 Nd5 37. Nd6 a5 38. Nxb7 a4 39. Na5 Kf7
40. Kxc6 Nb4+ 41. Kb5 Nxa2 42. c6 Nc3+ 43. Kb4 Nd5+ 44. Kxa4 Kf6 45. Kb5 Kg5
46. Kc5 Ne7 47. Kd6 Nc8+ 48. Kc7 Ne7 49. Kd6 Nc8+ 50. Ke6 Kh4 51. Kf7 g6 52.
fxg6 hxg6 53. Kxg6 Ne7+ 54. Kf7 Nd5 55. Ke6 Nc7+ 56. Kd7 Nd5 57. c7 Nb6+ 58.
Kd8 Kg5 59. c8=Q Nxc8 60. Kxc8 Kf4 61. Kd7 Kg5 62. Ke6 Kg6 63. h4 Kh6 64. Kf6
Kh7 65. g5 Kg8 66. g6 Kf8 67. g7+ Ke8 68. g8=Q+ Kd7 69. Qe6+ Kc7 70. Nb3 Kd8
71. Qf7 Kc8 72. Ke6 Kb8 73. Kd6 Ka8 74. Kc6 Kb8 75. Qb7# 1-0

[Event "29. Torneo San Viator 2017 - Torneo B"]
[Site "Madrid ESP"]
[Date "2017.10.08"]
[Round "4.37"]
[White "Jubin Diez, Damien"]
[Black "Jimenez Perez, Federico"]
[Result "0-1"]
[WhiteElo "1138"]
[BlackElo "1381"]
[PlyCount "76"]
[EventDate "2017.09.17"]
[EventType "swiss"]
[EventRounds "9"]
[EventCountry "ESP"]
[SourceTitle "Ajedrez en Madrid"]
[Source "lmi"]
[SourceDate "2017.09.17"]

1. e4 c5 2. Nf3 g6 3. d4 cxd4 4. Nxd4 Bg7 5. Be3 Nc6 6. c3 Nf6 7. Nd2 O-O 8.
Bd3 d6 9. O-O Ne5 10. N2f3 Bg4 11. Bc2 Nc4 12. Qe2 d5 13. exd5 Qxd5 14. Bb3 b5
15. Nxb5 Qxb5 16. Bxc4 Qh5 17. Rfe1 e5 18. Bg5 e4 19. Bxf6 exf3 20. gxf3 Bxf3
21. Qe5 Qg4+ 22. Qg3 Bxf6 23. Re3 Qxc4 24. Qxf3 Bg7 25. Re4 Qc6 26. Qd3 Rad8
27. Qc2 Rd5 28. Rg4 Rh5 29. Re1 Qd6 30. f4 Qd7 31. Qe2 Ra5 32. a3 Rb5 33. Rg3
Bh6 34. Rd1 Qc6 35. Rf1 Rfb8 36. f5 Rxb2 37. Qe5 Re8 38. Qd4 Be3+ 0-1

[Event "29. Torneo San Viator 2017 - Torneo B"]
[Site "Madrid ESP"]
[Date "2017.10.08"]
[Round "4.38"]
[White "Tudoroiu, Adrian Eugen"]
[Black "Giron Herranz, Juan"]
[Result "1-0"]
[WhiteElo "1101"]
[BlackElo "1366"]
[PlyCount "106"]
[EventDate "2017.09.17"]
[EventType "swiss"]
[EventRounds "9"]
[EventCountry "ESP"]
[SourceTitle "Ajedrez en Madrid"]
[Source "lmi"]
[SourceDate "2017.09.17"]

1. d4 d5 2. Bf4 Nc6 3. e3 Nf6 4. Bd3 g6 5. Nd2 Bg7 6. c3 Nh5 7. Bg3 e5 8. Be2
Nxg3 9. hxg3 e4 10. c4 Be6 11. a4 Qe7 12. Qc2 O-O 13. Nh3 Rad8 14. a5 Qb4 15.
Ra4 Qd6 16. c5 Qd7 17. Qd1 Ne7 18. b4 Bxh3 19. gxh3 c6 20. g4 f5 21. f3 Bh6 22.
f4 Bg7 23. h4 Bf6 24. g5 Bg7 25. Nf1 Kf7 26. Ng3 Rh8 27. h5 Rhg8 28. hxg6+ hxg6
29. Rh7 Rh8 30. Rxh8 Rxh8 31. Kd2 Qe8 32. Kc3 Rh3 33. Nf1 Qh8 34. a6 b6 35.
cxb6 Nc8 36. b7 Nb6 37. Ra2 Ke7 38. b5 Kd7 39. Qb3 Qd8 40. Ra5 Bf8 41. bxc6+
Kxc6 42. Bb5+ Kc7 43. Kd2 Kb8 44. Ke2 Qc7 45. Ra2 Rh1 46. Rc2 Qd8 47. Rc6 Bd6
48. Kd2 Rh3 49. Kc2 Rf3 50. Nd2 Rf2 51. Qc3 Rxd2+ 52. Qxd2 Qf8 53. Qh2 Qe7 1-0

[Event "29. Torneo San Viator 2017 - Torneo B"]
[Site "Madrid ESP"]
[Date "2017.10.08"]
[Round "4.39"]
[White "Palomares Cortez, Facundo Sebastian"]
[Black "Moreno Payo, Jesus"]
[Result "1/2-1/2"]
[WhiteElo "1360"]
[BlackElo "1094"]
[PlyCount "57"]
[EventDate "2017.09.17"]
[EventType "swiss"]
[EventRounds "9"]
[EventCountry "ESP"]
[SourceTitle "Ajedrez en Madrid"]
[Source "lmi"]
[SourceDate "2017.09.17"]

1. e4 e5 2. Nf3 Nc6 3. Bc4 Nf6 4. d3 Bc5 5. Bg5 O-O 6. O-O Na5 7. Nxe5 Nxc4 8.
Nxc4 Be7 9. Nc3 Nxe4 10. Bxe7 Nxc3 11. Qe1 Qe8 12. bxc3 d5 13. Bxf8 Qxf8 14.
Ne3 Be6 15. Qd2 b5 16. Rfb1 c6 17. a4 Rb8 18. axb5 cxb5 19. Rxa7 f5 20. f4 Qf6
21. d4 g5 22. fxg5 Qxg5 23. Nf1 f4 24. Re1 Bh3 25. Ng3 Bxg2 26. Kxg2 f3+ 27.
Kh3 Qxd2 28. Ree7 Qh6+ 29. Kg4 1/2-1/2

[Event "29. Torneo San Viator 2017 - Torneo B"]
[Site "Madrid ESP"]
[Date "2017.10.08"]
[Round "4.40"]
[White "Otero Gumiel, Monica"]
[Black "Benitez Robles, Antonio"]
[Result "1-0"]
[WhiteElo "1041"]
[BlackElo "1343"]
[PlyCount "130"]
[EventDate "2017.09.17"]
[EventType "swiss"]
[EventRounds "9"]
[EventCountry "ESP"]
[SourceTitle "Ajedrez en Madrid"]
[Source "lmi"]
[SourceDate "2017.09.17"]

1. e4 Nf6 2. Nc3 g6 3. d4 d5 4. f3 dxe4 5. fxe4 Nc6 6. Nf3 Bg4 7. Be2 Bxf3 8.
gxf3 Nxd4 9. Bc4 e6 10. Be3 c5 11. e5 Nh5 12. Nb5 a6 13. Nxd4 cxd4 14. Bxd4
Qh4+ 15. Ke2 Nf4+ 16. Ke3 Nh5 17. Bb3 Rd8 18. c3 Bc5 19. Qe1 Qf4+ 20. Kd3 Bxd4
21. cxd4 Qxd4+ 22. Ke2 Qxe5+ 23. Kf1 Qf6 24. Rd1 Rxd1 25. Qxd1 O-O 26. Kf2
Qxb2+ 27. Qc2 Qd4+ 28. Kf1 Nf4 29. Qe4 Qa1+ 30. Qe1 Qf6 31. h4 Rd8 32. Rh2 Rd3
33. Qe4 Qa1+ 34. Kf2 Rd2+ 35. Kg3 Rxh2 36. Kxh2 Qf6 37. Kg3 Nh5+ 38. Kf2 Nf4
39. Kg3 Nd5 40. f4 Qc3+ 41. Kf2 b5 42. Ke2 a5 43. Bxd5 exd5 44. Qxd5 Qc4+ 45.
Qxc4 bxc4 46. a4 Kg7 47. Ke3 Kf6 48. Kd4 c3 49. Kxc3 h5 50. Kc4 g5 51. fxg5+
Kf5 52. Kb5 Kg4 53. Kxa5 Kxh4 54. Kb5 Kxg5 55. a5 h4 56. a6 f5 57. a7 Kg4 58.
a8=Q h3 59. Qg8+ Kf3 60. Qg1 f4 61. Kc4 Ke4 62. Qh1+ f3 63. Qxh3 Ke3 64. Qf1
Ke4 65. Qf2 Kf4 1-0